Statistiche per Capitali per Fuso Orario - UTC+3

Clicka qui per fare il quiz!

Statistiche generali

  • Questo quiz è stato fatto 2 volte
  • Il punteggio medio è 15 su 20

Statistiche sulle risposte

ContinenteCapitale% Corretto
AfricaAddis Abeba
100%
AsiaAl Kuwait
100%
AsiaAnkara
100%
AsiaBaghdad
100%
AsiaDamasco
100%
AsiaDoha
100%
EuropaMinsk
100%
AfricaMogadiscio
100%
EuropaMosca
100%
AfricaNairobi
100%
AsiaRiad
100%
AsiaAmman
50%
AfricaAntananarivo
50%
AfricaAsmara
50%
AfricaDodoma
50%
AfricaKampala
50%
AsiaManama
50%
AsiaSana'a
50%
AfricaGiuba
0%
AfricaMoroni
0%

Distribuzione punteggi

Percentile per numero di risposta

Percentuale di utenti per punteggio

I tuoi punteggi nel tempo

Non hai fatto questo quiz